MDQL
is popping MORE tags! Check the
thread
!
Quizzes
Events
Quiz Creation
Community
Videos
Private Events
Remove Ads
Sign In
Join for FREE
Feedback
Dark Mode
Quiz Categories
Sports
Geography
Music
Movies
Television
Just For Fun
Miscellaneous
History
Literature
Language
Science
Gaming
Entertainment
Religion
Holiday
For Kids
Quiz Lab
Recent
Popular Today
Quiz Kudos Today
Editor Picks
Curator Picks
Quizzes by...
Day
Popularity
Type
Ratings
Length
Year
Community
Subscriptions
Recent Discussions
Orange Saloon
Badges
Playlists
Quests
Create
Leaderboards
Showdown
Live 5
Trivia Bingo
Activity
Puzzle Library
Sporcle Events
Private Events
Virtual Trivia
Globe League
Become a Host
Pub Owners
SporcleCon
Opinionation
Our Games
Videos
Blog
Mobile Apps
Partnerships
Remove Ads and Go Orange
Feedback
Sports
Athletes
MLB
NBA
NHL
NFL
Soccer
Sports Teams
WWE
NCAA
Football
Premier League
Basketball
Baseball
Hockey
Golf
Tennis
Cricket
Rugby
Auto Racing
Olympics
World Cup
Sports
Athletes
MLB
NBA
NHL
NFL
Soccer
Sports Teams
WWE
NCAA
Football
Premier League
Basketball
Baseball
Hockey
Golf
Tennis
Cricket
Rugby
Auto Racing
Olympics
World Cup
Random Quiz
Search Sporcle
×
Quiz Lab
Quiz Lab
Sports
Basketball
Type in answers that appear in a list
Type in answers that appear in a list
Classic
Best Score? Go Orange.
NBA Draft Picks Stats
Can you name the teams that picked each player?
By
cobhc
5m
20 Questions
72 Plays
72 Plays
72 Plays
Comments
Comments
Give Quiz Kudos
Give Quiz Kudos
-
- Ratings
hide this ad
More Info
Forced Order
Answers have to be entered in order
Answers have to be entered in order
Replay
Link that replays current quiz
Next Quiz
Link to next quiz in quiz playlist
You Got
0%
They Got
Avg Score
45%
Avg Friend Score
Upgrade to see
Score Distribution
Jump to the score distribution portion of the page
Score
0/20
Timer
05:00
0
Plays Today
Player
Team
% Correct
Chauncey Billups
Boston Celtics
70.8%
Dirk Nowitzki
Milwaukee Bucks
66.7%
Steve Francis
Vancouver Grizzlies
62.5%
Chris Webber
Orlando Magic
62.5%
Joe Johnson
Boston Celtics
61.1%
Marcus Camby
Toronto Raptors
55.6%
Robert Parish
Golden State Warriors
54.2%
Hedo Turkoglu
Sacramento Kings
52.8%
Vince Carter
Golden State Warriors
52.8%
Rasheed Wallace
Washington Bullets
51.4%
Player
Team
% Correct
Scottie Pippen
Seattle Supersonics
48.6%
Michael Finley
Phoenix Suns
47.2%
Pau Gasol
Atlanta Hawks
43.1%
Ray Allen
Minnesota Timberwolves
43.1%
Devin Harris
Washington Wizards
40.3%
Earl Monroe
Baltimore Bullets
36.1%
Bill Russell
St. Louis Hawks
23.6%
Dominique Wilkins
Utah Jazz
20.8%
Charles Oakley
Cleveland Cavaliers
12.5%
Julius Erving
Milwaukee Bucks
8.3%
Quiz Playlist
Details
Report
Send in Message
Add To Playlist
More Info:
The following players were drafted by a team, but are known more for playing with a different team.
Classic:
Type in answers that appear in a list
Forced Order:
Answers have to be entered in order
Quiz Source
Last Updated: Feb 16, 2017
Quiz Scoreboard
CHALLENGE
Sign Up to Join the Scoreboard
Show All
Scores
Hide
Comments
May contain spoilers
Recently Published
5x2 Blitz: Bands
by SL_Kpop136
Music
30s
Colored Red Africa Blitz
by spor1
Geography
30s
Find the 'City' Movie
by crazypaving
Movies
60s
More to Explore
Quiz From the Vault
Featured Blog Post
14 Easter Pick-up Lines to Find Eggs With
hide this ad
You Might Also Like...
Tags
Basketball Quiz
NBA Quiz
Draft
Picked
Player
team
Today's Top Quizzes in Sports
Browse Sports
hide this ad
Today's Top Quizzes in Basketball
Browse Basketball
Top Contributed Quizzes in Sports
1
Les entraîneurs de l'OM et du PSG au 21e siècle
2
Les meilleurs buteurs des matchs entre le PSG et l’OM
3
Players with Multiple 50 Home Run Seasons
4
2022 World Cup Stars
5
Les joueurs passés par le PSG et l'OM
6
NBA Logic Puzzle 2.0
7
Criteria MLB: Left Handed Sluggers
8
MLB Players with Two .350 Batting Average Seasons
9
Top 10 NHL Goal Scorers of All Time
10
Who Hit More Homers?
Explore More
Trending Topics
NBA
Crossword
Disney
Marvel
Anime
Harry Potter
Kpop
The Office
Puzzle
Pokémon
Song
NFL
Country
WWE
Soccer
hide this ad
More By:
cobhc
Quiz
Plays
Rating
Category
Featured
Created
NCAA Tourney Appearances by Conference
13,361
4.44
Sports
Feb 23, 2011
NCAA Tournament Leading Scorers
305
3.00
Sports
Feb 9, 2010
Mid Major At-Large Bids
301
4.00
Sports
Feb 11, 2010
A-Z NBA Career Point Leaders
107
3.50
Sports
Jul 22, 2010
NBA Draft Picks
72
4.00
Sports
Jul 20, 2010
Go to Creator's Profile
Score Distribution
Quiz Creator Spotlight
cobhc
Follow
Send a Message
Quizzes Created
-
Created Quiz Play Count
-
More By This Creator
Popular Quizzes Today
1
Colored Red Africa Blitz
2
Find the 'City' Movie
3
Find the US States - No Outlines Minefield
4
5x2 Blitz: Bands
5
The Countries of the World
6
Find the US States
7
Find the Countries of Europe - No Outlines Minefield
8
US States
More Sports Quizzes
50 Best Defensive Midfielders in World Football History
Quiz Lab
Trending Quizzes
Colored Red Europe Blitz I
Colored Red Europe Blitz II
Colored Red Africa Blitz II
Colored Red Europe Blitz III
Colored Red Africa Blitz III
Recently Updated
How Do You Spell That?
pecheneg
Godzilla Movies
pecheneg
Grab Bag: 4-10 Letters
pecheneg
2024 March Madness Bracket
pecheneg
Famous TV Couples
Peacemaker
Champions League XIs: Real Madrid
pecheneg
Largest US Cities 1790-2010
pecheneg
Rides in Walt Disney World
pecheneg
Most Oscar Losses (Acting)
pecheneg
Beyoncé Albums
pecheneg
Trending Topics
Harry Potter
NBA
Disney
Kpop
Marvel
Anime
Crossword
Puzzle
Country
NFL
The Office
Soccer
Pokémon
WWE
Song
Your Account Isn't Verified!
In order to create a playlist on Sporcle, you need to verify the email address you used during registration. Go to your
Sporcle Settings
to finish the process.
Report this User
Report this user for behavior that violates our
Community Guidelines
.
Details:
Send Report
Go to the Sporcle.com Mobile Site →
Comments